000 003560000a22000970004500
100 1 _aPardo V., Héctor J.
245 1 0 _aReligious equality for all : Héctor Pardo describes the impact of Colombia'a new constitution on protestants and catholics
300 _aVol. 6, Num. 2 (Abril-Junio, 1996), Página 15
773 0 _tLatin America Evangelist
942 _cANA
999 _c54956
_d54956